States With The Highest Urban Population - Statistics

General Stats
  • This quiz has been taken 56 times
  • The average score is 9 of 10
Answer Stats
% State % Correct
87.40 New York
100%
89.30 Arizona
94%
91.30 Massachusetts
94%
93.80 New Jersey
92%
94.20 California
90%
91.50 Florida
88%
94.10 Nevada
86%
91.10 Rhode Island
84%
86.90 Illinois
78%
89.80 Utah
67%
No matching quizzes found
Score Distribution
Percent of People with Each Score
Percentile by Number Answered
Your Score History
You have not taken this quiz